Roblox Rivals Weapons - Statistics

General Stats
  • This quiz has been taken 1,174 times
  • The average score is 24 of 40
Answer Stats
Hint Answer % Correct
Primary Sniper
88%
Primary Assault Rifle
83%
Utility Grenade
82%
Primary Bow
76%
Primary RPG
76%
Melee Knife
72%
Primary Burst Rifle
70%
Primary Minigun
69%
Primary Flamethrower
68%
Secondary Handgun
68%
Melee Katana
67%
Primary Crossbow
66%
Primary Shotgun
66%
Primary Energy Rifle
64%
Secondary Revolver
63%
Primary Grenade Launcher
62%
Melee Fists
61%
Secondary Energy Pistols
60%
Utility Medkit
60%
Secondary Uzi
59%
Primary Paintball Gun
57%
Melee Scythe
57%
Secondary Daggers
56%
Utility Molotov
55%
Secondary Slingshot
55%
Secondary Exo Gun
54%
Primary Gunblade
53%
Secondary Shorty
52%
Secondary Spray
49%
Utility Flashbang
48%
Utility Freeze Ray
48%
Melee Riot Shield
48%
Utility Subspace Tripmine
48%
Melee Battle Axe
46%
Utility Smoke grenade
46%
Melee Trowel
46%
Secondary Flare Gun
45%
Melee Chainsaw
41%
Utility War Horn
41%
Utility Satchel
39%
No matching quizzes found
Score Distribution
Percent of People with Each Score
Percentile by Number Answered
Your Score History
You have not taken this quiz